| 000 -LEADER | |
|---|---|
| fixed length control field | 00421nam a22001697a 4500 |
| 005 - DATE AND TIME OF LATEST TRANSACTION | |
| control field | 20210927120326.0 |
| 008 - FIXED-LENGTH DATA ELEMENTS--GENERAL INFORMATION | |
| fixed length control field | 160517b xxu||||| |||| 00| 0 eng d |
| 020 ## - INTERNATIONAL STANDARD BOOK NUMBER | |
| ISBN | 978-81-8054-597-9 |
| 041 ## - LANGUAGE CODE | |
| Language code of text/sound track or separate title | eng |
| 082 ## - DEWEY DECIMAL CLASSIFICATION NUMBER | |
| Item number | 2633 |
| Classification number | 346.07 |
| 100 ## - MAIN ENTRY--AUTHOR NAME | |
| Personal name | N.D. Kapoor |
| 245 ## - TITLE STATEMENT | |
| Title | Element's of Mercantile Law |
| 260 ## - PUBLICATION, DISTRIBUTION, ETC. (IMPRINT) | |
| Place of publication | New Delhi |
| Name of publisher | Sultan Chand & Sons. |
| Year of publication | 2009 |
| 300 ## - PHYSICAL DESCRIPTION | |
| Number of Pages | 1180 |
| 650 ## - SUBJECT ADDED ENTRY--TOPICAL TERM | |
| Topical Term | Management |
| 942 ## - ADDED ENTRY ELEMENTS (KOHA) | |
| Koha item type | Books |
| Lost status | Damaged status | Collection code | Home library | Current library | Shelving location | Date acquired | Cost, normal purchase price | Full call number | Accession Number | Koha item type |
|---|---|---|---|---|---|---|---|---|---|---|
| LAW | JRU Library | JRU Library | SHELF-31-A | 17/05/2016 | 365.00 | 346.07 | 2633 | Books | ||
| LAW | JRU Library | JRU Library | SHELF-31-A | 17/05/2016 | 365.00 | 346.07 | 2634 | Books | ||
| LAW | JRU Library | JRU Library | SHELF-31-A | 17/05/2016 | 365.00 | 346.07 | 2635 | Books | ||
| LAW | JRU Library | JRU Library | SHELF-31-A | 17/05/2016 | 365.00 | 346.07 | 2636 | Books | ||
| LAW | JRU Library | JRU Library | SHELF-31-A | 17/05/2016 | 365.00 | 346.07 | 2637 | Books | ||
| LAW | JRU Library | JRU Library | SHELF-31-A | 17/05/2016 | 365.00 | 346.07 | 2638 | Books | ||
| LAW | JRU Library | JRU Library | SHELF-31-A | 17/05/2016 | 365.00 | 346.07 | 2639 | Books | ||
| LAW | JRU Library | JRU Library | SHELF-31-A | 17/05/2016 | 365.00 | 346.07 | 2640 | Books | ||
| Reference | JRU Library | SHELF-30-C | 17/05/2016 | 365.00 | 346.07 | 2641 | Books | |||
| JRU Library | Shelf - 9 - J | 17/05/2016 | 365.00 | 346.07 | 2642 | Books |